000 00405 a2200145 4500
005 20250417094358.0
020 _a978-9976-78-091-8
082 _a657.45 NBA
111 _aNBAA
245 _aC2 Audit and Assurance : Study Text
260 _aDar es salaam,
_bNBAA,
_c2014.
300 _a524P.: ill.;
_bindex,
_c29cm.
856 _yAccess Online Book
_fAuditing
_dwww.GetThroughGuides.com
942 _2ddc
_cBKS
999 _c1539
_d1539